Mikrobiologické laboratórne metódy

Saved in:
Bibliographic Details
Main Authors: Betina, Vladimír, 1930-2006, Baráthová, Helena (Author), Fargašová, Agáta, 1950- (Author), Frank, Vladimír, 1941- (Author)
Other Authors: Němeček, Róbert (gup)
Format: Book
Language:Slovak
Published: Bratislava Alfa 1988
Edition:1. vyd.
Series:Edícia potravinárskej literatúry
Subjects:
Online Access:View in OPAC
Tags: Add Tag
No Tags, Be the first to tag this record!

MARC

LEADER 00000nam a2200000 a 4500
005 20260127134209.0
008 180815s1988 xo 0 slo
015 |a SNBA1988/12 
020 |c 58 Kčs. (1000 výtl.) 
035 |a vtls001122934 
035 |a SNK000065777 
039 9 |a 202004061143  |b AUTHORITY  |c 202004061142  |d AUTHORITY  |c 202003211545  |d AUTHORITY  |c 201909060808  |d AUTHORITY  |y 200412250337  |z VLOAD 
040 |a SNK  |b slo  |c SNK  |d STUSCHK1  |e AACR2 
041 0 |a slo 
044 |a xo  |c SK 
080 |a 579.08  |2 1981 
100 1 |a Betina, Vladimír,  |d 1930-2006  |9 1233 
245 0 |a Mikrobiologické laboratórne metódy  |c Vladimír Betina ; Helena Baráthová, Agáta Fargašová, Vladimír Frank, Róbert Němeček 
250 |a 1. vyd. 
260 |a Bratislava  |b Alfa  |c 1988  |e Banská Bystrica  |f Tlačiarne SNP 
300 |a 544 s., 42,43 AH  |b Tb. Sch.  |c 25 cm 
490 0 |a Edícia potravinárskej literatúry 
500 |a Lit. 268. Reg. 268 zázn. v slov., češ., angl. a nem. 
650 0 7 |a [BK]  |2 SNK 
700 1 |a Baráthová, Helena  |4 aut 
700 1 |a Fargašová, Agáta,  |d 1950-  |4 aut  |9 69 
700 1 |a Frank, Vladimír,  |d 1941-  |4 aut  |9 144 
700 1 |a Němeček, Róbert  |4 gup 
910 |a SCHK95 
954 |a mikrobiológia  |x metódy laboratórne  |x príručky 
958 |a OND 
958 |a NB 
958 |a TL 
999 |c 6436  |d 6436 
942 0 0 |0 5